00874 a2200217 45000010006000000050017000060080041000230030015000640400040000790800095001192450038002140200018002522640033002703000019003035050162003220410008004841000023004927000019005157000027005348560095005615313020260407155805.0260407a1974 arg spa dAR-UNSa-BCEJYS aAR-UNSa-BCEJYSbspacAR-UNSa-BCEJYS a330.8xHistoria de las teorías, Doctrinas, Dogmas económicos (pensamiento económico)10aFisiocracia, Smith, Ricardo, Marx a84-281-0264-3 1aBarcelona :bOikos-tauc1974 a183 p.c21 cm. a1. Sobre el estado actual de la ciencia económica - 2. Los fisiócratas - 3. Adam Smith - 4. David Ricardo - 5. Trabajo abstracto,cambio y capital en Marx aspa1 aNapoleoni, Claudio1 aBramon, Dolors1 aLlombart Rosa, Vicente41uhttps://biblioeco.unsa.edu.ar/pmb/images/libros/L128534.jpgyImagen de portadaqimage/jpeg